|
|
|
|
| LEADER |
00000nam1a2200000 4500 |
| 001 |
375773 |
| 005 |
20231101051712.0 |
| 010 |
|
|
|a 5217003367
|
| 020 |
|
|
|a RU
|b 89-46903
|
| 035 |
|
|
|a (RuTPU)RU\TPU\retro\33212
|
| 035 |
|
|
|a RU\TPU\book\227286
|
| 090 |
|
|
|a 375773
|
| 100 |
|
|
|a 20221221d1989 m y0rusy5003 ca
|
| 101 |
0 |
|
|a rus
|
| 200 |
1 |
|
|a Технология холодной штамповки
|e учебник для вузов
|f Ю. А. Аверкиев, А. Ю. Аверкиев
|
| 210 |
|
|
|a Москва
|c Машиностроение
|d 1989
|
| 215 |
|
|
|a 304 с.
|c ил.
|d 22 см
|
| 225 |
1 |
|
|a Для вузов
|
| 320 |
|
|
|a Библиогр.: с. 297-298 (27 назв.).
|
| 320 |
|
|
|a Предм. указ.: с. 298-301.
|
| 610 |
1 |
|
|a металлы
|
| 610 |
1 |
|
|a холодная штамповка
|
| 610 |
1 |
|
|a листовая штамповка
|
| 610 |
1 |
|
|a листовой прокат
|
| 610 |
1 |
|
|a разделительные операции
|
| 610 |
1 |
|
|a формоизменяющие операции
|
| 610 |
1 |
|
|a гибка
|
| 610 |
1 |
|
|a вытяжка
|
| 610 |
1 |
|
|a отбортовка
|
| 610 |
1 |
|
|a обжим
|
| 610 |
1 |
|
|a раздача
|
| 610 |
1 |
|
|a формовка
|
| 610 |
1 |
|
|a правка
|
| 610 |
1 |
|
|a заготовки
|
| 610 |
1 |
|
|a САПР
|
| 610 |
1 |
|
|a система автоматизированного проектирования
|
| 610 |
1 |
|
|a штампы
|
| 610 |
1 |
|
|a проектирование
|
| 610 |
1 |
|
|a классификация
|
| 610 |
1 |
|
|a типовые детали
|
| 610 |
1 |
|
|a сборочные единицы
|
| 610 |
1 |
|
|a расчеты на прочность
|
| 610 |
1 |
|
|a учебники
|
| 675 |
|
|
|a 621.983(075.8)
|z rus
|v 3
|
| 700 |
|
1 |
|a Аверкиев
|b Ю. А.
|g Юрий Александрович
|4 070
|
| 701 |
|
1 |
|a Аверкиев
|b А. Ю.
|g Александр Юрьевич
|4 070
|
| 801 |
|
0 |
|a RU
|b RuMRKP
|c 19950417
|g psbo
|
| 801 |
|
1 |
|a RU
|b 63413507
|c 20120201
|
| 801 |
|
2 |
|a RU
|b 63413507
|c 20221221
|g RCR
|
| 942 |
|
|
|c BK
|